Feyenoord Current Squad - Statistics

General Stats
  • This quiz has been taken 346 times
    154 since last reset
  • The average score is 10 of 22
Answer Stats
# Player % Correct
29 Santiago Giménez
85%
1 Justin Bijlow
84%
4 Lutsharel Geertruida
75%
Head Coach Arne Slot
71%
33 Dávid Hancko
71%
18 Gernot Trauner
65%
5 Quilindschy Hartman
65%
14 Igor Paixão
59%
8 Quinten Timber
59%
20 Mats Wieffer
55%
22 Timon Wellenreuther
51%
9 Danilo
42%
2 Marcus Holmgren Pedersen
39%
48 Antoni Milambo
35%
11 Javairô Dilrosun
33%
7 Alireza Jahanbakhsh
32%
15 Marcos López
30%
30 Ezequiel Bullaude
12%
28 Neraysho Kasanwirjo
12%
23 Patrik Wålemark
12%
24 Mimeirhel Benita
10%
25 Mohamed Taabouni
6%
No matching quizzes found
Score Distribution
Percent of People with Each Score
Percentile by Number Answered
Your Score History
You have not taken this quiz since the last reset